Statistics for 日本の空港乗降客数ランキング

Click here to take the quiz!

General Stats

  • This quiz has been taken 118 times
  • The average score is 17 of 91

Answer Stats

順位空港乗降客数% Correct
1東京国際59,871,897
100%
2成田国際18,651,581
100%
3福岡17,967,916
81%
4新千歳17,876,335
79%
5那覇16,229,383
72%
6大阪国際12,989,945
66%
7関西国際11,488,406
64%
8中部国際6,016,594
61%
9鹿児島4,678,821
53%
11仙台2,793,973
46%
10神戸3,109,115
45%
12熊本2,642,798
37%
13宮崎2,574,511
36%
14長崎2,573,071
35%
15新石垣2,422,092
29%
16松山2,235,579
29%
17広島2,047,630
29%
19大分1,469,809
22%
21高松1,367,786
22%
22高知1,309,656
22%
20函館1,375,936
21%
23小松1,143,850
21%
27旭川858,409
20%
26岡山874,972
19%
28北九州851,387
19%
18宮古1,525,671
19%
25秋田956,016
17%
30徳島839,629
17%
32新潟810,906
17%
24青森981,270
16%
31出雲838,254
15%
42静岡362,978
13%
50富山251,509
13%
36釧路691,850
13%
35山口宇部702,434
13%
34女満別733,633
13%
33奄美805,650
13%
39米子(美保)399,444
12%
58福島183,367
12%
37茨城(百里)596,536
11%
40花巻385,774
11%
53松本228,537
11%
44佐賀345,955
11%
47山形298,236
11%
48鳥取285,544
10%
59稚内158,014
10%
38帯広550,052
10%
49庄内270,655
9%
52南紀白浜231,319
9%
29名古屋842,785
9%
84奥尻12,709
9%
72紋別51,335
8%
73利尻47,432
8%
64石見109,604
8%
62中標津149,043
8%
46三沢307,812
8%
56屋久島186,763
8%
43岩国362,795
8%
51対馬233,326
8%
68種子島90,141
7%
55八丈島199,580
7%
61大館能代149,773
7%
54久米島203,445
7%
45札幌(丘珠)320,286
7%
79但馬29,616
7%
77壱岐33,517
7%
81北大東25,081
7%
91大分県央1
6%
82神津島24,677
6%
83大島23,817
6%
85粟国1,057
6%
89伊江島32
6%
90岡南4
6%
41下地島367,708
6%
74南大東44,009
6%
75天草38,742
6%
71隠岐61,416
6%
66調布97,667
6%
63能登111,212
6%
60福江154,121
6%
76多良間38,525
4%
78新島30,081
4%
80三宅島28,069
4%
70喜界73,916
4%
69与論75,924
4%
67与那国93,143
4%
65沖永良部101,757
4%
87慶良間234
4%
57徳之島186,238
4%
88奈良県H158
2%
86米沢H351
1%

Score Distribution

Percentile by Number Answered

Percent of People with Each Score

Your Score History

You have not taken this quiz